000 00686nam a2200229 i 4500
001 C2-0212762
003 PPAK
005 20180728103615.0
008 990408s1994 my |||| ||||| | eng d
020 _a9837200820
040 _aPPAK
_beng
_cPPAK
_erda
082 0 4 _a636.03
_2 23
090 0 0 _a636.03
_bKAM
_dR
245 0 0 _aKamus pertanian dan penternakan
_bbahasa Inggeris - bahasa Melayu : Bahasa Melayu - Bahasa Inggeris
264 1 _aKuala Lumpur :
_bGolden Books Centre ,
_c1994
300 _a139 pages ;
_c19 cm
336 _2rdacontent
_atext
337 _2rdamedia
_aunmediated
338 _2rdacarrier
_avolume
650 1 0 _aAgriculture - Dictionaries
942 _ddc
_cB
999 _c158928
_d158928